000
00320nam a2200121Ia 4500
008
240624s9999 xx 000 0 und d
041
_a
eng
082
_a
170 LAN
100
_a
SHAFER LANDAU RUSSELL
245
_a
ETHICAL THEORY AN ANTHOLOGY BLACKWELL PH
260
_c
2007
_a
Victoria
_b
WIley-Blackwell
300
_a
816 : p.
999
_c
18116
_d
18116